Premier League - Number 5 - Statistics

General Stats
  • This quiz has been taken 6 times
  • The average score is 5 of 19
Answer Stats
Hint Answer % Correct
Arsenal Thomas Partey
80%
Liverpool Ibrahima Konate
60%
Chelsea Enzo Fernandez
40%
Manchester United Harry Maguire
40%
Manchester City John Stones
40%
Brighton Lewis Dunk
40%
Spurs Pierre-Emile Hojbjerg
40%
Brentford Ethan Pinnock
20%
Newcastle Fabian Schar
20%
Bournemouth Lloyd Kelly
20%
Leeds Robin Koch
20%
Aston Villa Tyrone Mings
20%
West Ham Vladimir Coufal
20%
Crystal Palace James Tomkins
0%
Wolves Mario Lemina
0%
Everton Michael Keane
0%
Nottingham Forest Orel Mangala
0%
Leicester Ryan Bertrand
0%
Fulham Shane Duffy
0%
No matching quizzes found
Score Distribution
Percent of People with Each Score
Percentile by Number Answered
Your Score History
You have not taken this quiz